Eastern Utah Libraries Catalog: Duchesne, Heber, Roosevelt, & Vernal

Becoming Jane (Record no. 52289)

MARC details
000 -LEADER
fixed length control field 04852cgm a2200913Ia 4500
003 - CONTROL NUMBER IDENTIFIER
control field OCoLC
005 - DATE AND TIME OF LATEST TRANSACTION
control field 20241220121626.0
007 - PHYSICAL DESCRIPTION FIXED FIELD--GENERAL INFORMATION
fixed length control field vd cvaizq
008 - FIXED-LENGTH DATA ELEMENTS--GENERAL INFORMATION
fixed length control field 071119s2008 xxk120 g vleng d
001 - CONTROL NUMBER
control field ocn181596753
035 ## - SYSTEM CONTROL NUMBER
System control number (Sirsi) i9780788876271
040 ## - CATALOGING SOURCE
Original cataloging agency TEFMT
Transcribing agency TEFMT
Modifying agency TEF
-- RCS
-- MR0
-- JED
-- UINTA
020 ## - INTERNATIONAL STANDARD BOOK NUMBER
International Standard Book Number 0788876279
020 ## - INTERNATIONAL STANDARD BOOK NUMBER
International Standard Book Number 9780788876271
024 1# - OTHER STANDARD IDENTIFIER
Standard number or code 786936731927
028 42 - PUBLISHER NUMBER
Publisher number 54104
Source Miramax Home Entertainment
035 ## - SYSTEM CONTROL NUMBER
System control number (OCoLC)181596753
041 1# - LANGUAGE CODE
Language code of text/sound track or separate title eng
-- spa
Language code of summary or abstract/overprinted title or subtitle eng
-- spa
-- fre
Language code of original and/or intermediate translations of text eng
043 ## - GEOGRAPHIC AREA CODE
Geographic area code e-uk-en
044 ## - COUNTRY OF PUBLISHING/PRODUCING ENTITY CODE
MARC country code xxk
-- ie
050 14 - LIBRARY OF CONGRESS CALL NUMBER
Classification number PN1995.9.B55
Item number B4366564 2008
082 04 - DEWEY DECIMAL CLASSIFICATION NUMBER
Classification number 791.43/72
Edition number 22
049 ## - LOCAL HOLDINGS (OCLC)
Holding library UCLB
092 ## - LOCALLY ASSIGNED DEWEY CALL NUMBER (OCLC)
Classification number 791.437
245 00 - TITLE STATEMENT
Title Becoming Jane
Medium [videorecording] /
Statement of responsibility, etc Miramax Films, Hanway Films, UK Film Council and Bord Scannán na hÉireann/The Irish Film Board present in association with 2 Entertain and BBC Films and Ecosse Films production in association with Blueprint Pictures, produced with Scion Films ; producers, Graham Broadbent, Robert Bernstein, Douglas Rae ; written by Sarah Williams and Kevin Hood ; director, Julian Jarrold.
260 ## - PUBLICATION, DISTRIBUTION, ETC. (IMPRINT)
Place of publication, distribution, etc Burbank, Calif. :
Name of publisher, distributor, etc Miramax Home Entertainment :
-- Distributed by Buena Vista Home Entertainment,
Date of publication, distribution, etc [2008]
300 ## - PHYSICAL DESCRIPTION
Extent 1 videodisc (120 min.) :
Other physical details sd., col. ;
Dimensions 4 3/4 in.
538 ## - SYSTEM DETAILS NOTE
System details note DVD ; Region 1 ; widescreen (2.35:1, enhanced) presentation ; Dolby Digital 5.1 surround.
546 ## - LANGUAGE NOTE
Language note In English or dubbed Spanish, with Spanish or French subtitles.
546 ## - LANGUAGE NOTE
Language note Closed-captioned.
511 1# - PARTICIPANT OR PERFORMER NOTE
Participant or performer note Anne Hathaway, James McAvoy, Julie Walters, James Cromwell, Maggie Smith.
508 ## - CREATION/PRODUCTION CREDITS NOTE
Creation/production credits note Director of photography, Eigil Bryld ; editor, Emma E. Hickox ; music, Adrian Johnston ; costume designer, Eimer ní Mhaoldomhnaigh ; production designer, Eve Stewart ; hair and makeup designer, Veronica Brebner.
521 8# - TARGET AUDIENCE NOTE
Target audience note MPAA rating: PG; for brief nudity and mild language.
520 ## - SUMMARY, ETC.
Summary, etc The young Jane Austen wishes to be a writer. Her mother thinks otherwise. Although she is offered many marriage proposals she accepts none until the mischevious Thomas Lefroy shows up and turns her world around. At first she finds him ignorant and self centered but as she gets to know him, they start to flirt and eventually fall in love. Thomas' relatives disagree with the match and threaten to disinherit him if he marries her. Jane's mother also disagrees with the match. As a result of this, Thomas tries to convince Jane to runaway with him. Instead, Jane stays with her family and ends her affair with Lefroy. She begins to write some of her greatest works of all time. Lefroy becomes the inspiration for Mr. Darcy in the novel, Pride and Prejudice.
500 ## - GENERAL NOTE
General note Special features: Discovering the real Jane Austen; "Becoming Jane" pop-up facts and footnotes; deleted scenes; audio commentary.
600 10 - SUBJECT ADDED ENTRY--PERSONAL NAME
Personal name Austen, Jane,
Dates associated with a name 1775-1817
Form subdivision Drama.
9 (RLIN) 6180575
650 #0 - SUBJECT ADDED ENTRY--TOPICAL TERM
Topical term or geographic name as entry element Women novelists, English
Form subdivision Biography
-- Drama.
9 (RLIN) 6508415
650 #0 - SUBJECT ADDED ENTRY--TOPICAL TERM
Topical term or geographic name as entry element Man-woman relationships
Geographic subdivision England
Form subdivision Drama.
9 (RLIN) 5747332
650 #0 - SUBJECT ADDED ENTRY--TOPICAL TERM
Topical term or geographic name as entry element Family
Form subdivision Drama.
9 (RLIN) 5692656
651 #0 - SUBJECT ADDED ENTRY--GEOGRAPHIC NAME
Geographic name England
Form subdivision Drama.
9 (RLIN) 5700793
650 #7 - SUBJECT ADDED ENTRY--TOPICAL TERM
Topical term or geographic name as entry element Novelistas inglesas
Form subdivision Biografía
-- Teatro.
Source of heading or term bidex
9 (RLIN) 6508416
650 #7 - SUBJECT ADDED ENTRY--TOPICAL TERM
Topical term or geographic name as entry element Familia
Geographic subdivision Inglaterra
Form subdivision Teatro.
Source of heading or term bidex
9 (RLIN) 6508417
600 17 - SUBJECT ADDED ENTRY--PERSONAL NAME
Personal name Austen, Jane,
Dates associated with a name 1775-1817
Form subdivision Drama.
Source of heading or term sears
9 (RLIN) 6180575
650 #7 - SUBJECT ADDED ENTRY--TOPICAL TERM
Topical term or geographic name as entry element Women novelists, English
Form subdivision Biography
-- Drama.
Source of heading or term sears
9 (RLIN) 6508415
650 #7 - SUBJECT ADDED ENTRY--TOPICAL TERM
Topical term or geographic name as entry element Man-woman relationship
Geographic subdivision England
Form subdivision Drama.
Source of heading or term sears
9 (RLIN) 6439822
650 #7 - SUBJECT ADDED ENTRY--TOPICAL TERM
Topical term or geographic name as entry element Family
Form subdivision Drama.
Source of heading or term sears
9 (RLIN) 5692656
651 #7 - SUBJECT ADDED ENTRY--GEOGRAPHIC NAME
Geographic name England
Form subdivision Drama.
Source of heading or term sears
9 (RLIN) 5700793
655 #0 - INDEX TERM--GENRE/FORM
Genre/form data or focus term Feature films.
9 (RLIN) 6180580
655 #0 - INDEX TERM--GENRE/FORM
Genre/form data or focus term Biographical films.
9 (RLIN) 102649
655 #0 - INDEX TERM--GENRE/FORM
Genre/form data or focus term Video recordings for the hearing impaired.
9 (RLIN) 6180581
655 #7 - INDEX TERM--GENRE/FORM
Genre/form data or focus term Biographical
Form subdivision Feature.
Source of term local
9 (RLIN) 5755264
655 #7 - INDEX TERM--GENRE/FORM
Genre/form data or focus term Romance
Form subdivision Feature.
Source of term local
9 (RLIN) 5714821
655 #7 - INDEX TERM--GENRE/FORM
Genre/form data or focus term Women
Form subdivision Feature.
Source of term local
9 (RLIN) 5755059
700 1# - ADDED ENTRY--PERSONAL NAME
Personal name Broadbent, Graham.
9 (RLIN) 58299
700 1# - ADDED ENTRY--PERSONAL NAME
Personal name Bernstein, Robert.
9 (RLIN) 21125
700 1# - ADDED ENTRY--PERSONAL NAME
Personal name Rae, Douglas.
9 (RLIN) 76200
700 1# - ADDED ENTRY--PERSONAL NAME
Personal name Williams, Sarah.
9 (RLIN) 19533
700 1# - ADDED ENTRY--PERSONAL NAME
Personal name Hood, Kevin.
9 (RLIN) 52920
700 1# - ADDED ENTRY--PERSONAL NAME
Personal name Jarrold, Julian.
9 (RLIN) 58536
700 1# - ADDED ENTRY--PERSONAL NAME
Personal name Hathaway, Anne,
Dates associated with a name 1982-
9 (RLIN) 49221
700 1# - ADDED ENTRY--PERSONAL NAME
Personal name McAvoy, James,
Dates associated with a name 1979-
9 (RLIN) 72855
700 1# - ADDED ENTRY--PERSONAL NAME
Personal name Walters, Julie,
Dates associated with a name 1950-
9 (RLIN) 64962
700 1# - ADDED ENTRY--PERSONAL NAME
Personal name Cromwell, James.
9 (RLIN) 62780
700 1# - ADDED ENTRY--PERSONAL NAME
Personal name Smith, Maggie,
Dates associated with a name 1934-
9 (RLIN) 75455
710 2# - ADDED ENTRY--CORPORATE NAME
Corporate name or jurisdiction name as entry element Miramax Films.
9 (RLIN) 60905
710 2# - ADDED ENTRY--CORPORATE NAME
Corporate name or jurisdiction name as entry element HanWay (Firm)
9 (RLIN) 68954
710 2# - ADDED ENTRY--CORPORATE NAME
Corporate name or jurisdiction name as entry element UK Film Council.
9 (RLIN) 70113
710 2# - ADDED ENTRY--CORPORATE NAME
Corporate name or jurisdiction name as entry element Bord Scannán na hÉireann.
9 (RLIN) 65916
710 2# - ADDED ENTRY--CORPORATE NAME
Corporate name or jurisdiction name as entry element 2 Entertain (Firm)
9 (RLIN) 74066
710 2# - ADDED ENTRY--CORPORATE NAME
Corporate name or jurisdiction name as entry element BBC Films.
9 (RLIN) 61997
710 2# - ADDED ENTRY--CORPORATE NAME
Corporate name or jurisdiction name as entry element Ecosse Films.
9 (RLIN) 6180582
710 2# - ADDED ENTRY--CORPORATE NAME
Corporate name or jurisdiction name as entry element Blueprint Pictures.
9 (RLIN) 72029
710 2# - ADDED ENTRY--CORPORATE NAME
Corporate name or jurisdiction name as entry element Scion Films.
9 (RLIN) 73894
710 2# - ADDED ENTRY--CORPORATE NAME
Corporate name or jurisdiction name as entry element Miramax Home Entertainment (Firm)
9 (RLIN) 76097
710 2# - ADDED ENTRY--CORPORATE NAME
Corporate name or jurisdiction name as entry element Buena Vista Home Entertainment (Firm)
9 (RLIN) 64615
942 ## - ADDED ENTRY ELEMENTS (KOHA)
Koha item type DVD
994 ## -
-- C0
-- UINTA
998 ## - LOCAL CONTROL INFORMATION (RLIN)
-- a112732
Holdings
Withdrawn status Lost status Source of classification or shelving scheme Damaged status Not for loan Collection code Home library Current library Shelving location Date acquired Source of acquisition Cost, normal purchase price Total Checkouts Total Renewals Full call number Barcode Date last seen Date checked out Cost, replacement price Price effective from Koha item type
    Dewey Decimal Classification     Movies Wasatch County Library Wasatch County Library Audio Visual Area 11/16/2019   9.98 18 21 DVD Becoming 34301001599929 02/26/2026 02/07/2026 9.98 03/20/2020 DVD
This project was made possible through a grant from the Institute of Museum and Library Service administered by the Utah State Library Division.

Wasatch County Library

  • 465 East 1200 South, Heber City, Utah 84032
  • Phone 435-654-1511 | Fax 435-654-6456

Hours

  • Monday - Friday 9:30 AM - 8:00 PM
  • Saturday 9:30 AM - 1:30 PM
  • Closed Sundays and Holidays